Producción de duraznos para industria

Saved in:
Bibliografiske detaljer
Hovedforfatter: Abraham, Laura (Author)
Format: Bog
Sprog:spansk
Udgivet: Mendoza Facultad de Ciencias Agrarias. Universidad Nacional de Cuyo 2011
Udgivelse:1a. ed
Fag:
Tags: Tilføj Tag
Ingen Tags, Vær først til at tagge denne postø!

MARC

LEADER 00000cam a2200000 a 4500
001 UCF3692
003 CL-VaPUC
008 121025e20110000AG |||||||||||||||||spa|d
020 |a 9789872764203 
082 0 4 |a 634.25  |b ABRA  |2 21 
100 0 |a Abraham, Laura  |e author  |9 565430 
245 1 0 |a Producción de duraznos para industria 
250 |a 1a. ed 
300 |a 229 p 
942 |c BK 
945 |d 20121025 00:00:00  |a dcastane 
260 |a Mendoza  |b Facultad de Ciencias Agrarias. Universidad Nacional de Cuyo  |c 2011 
600 0 7 |a PRUNUS PERSICAE  |2 CL-VaPUC  |9 565431 
650 0 |a Duraznos (albaricoques, damascos, chabacanos)  |9 402805 
650 0 |a Producción agrícola  |9 353481 
650 0 |a Floración  |9 264872 
583 |a last modification  |c 20121025 12:11:00  |k Rodrigo Vera 
999 |c 349871  |d 349869 
952 |0 0  |1 0  |4 0  |6 634_250000000000000_ABRA_2011  |7 0  |8 A  |9 452749  |a BIBAGR  |b BIBAGR  |d 2019-11-22  |i 4919165  |l 2  |o 634.25 ABRA 2011  |p 4919165  |r 2025-01-20  |s 2024-10-25  |w 2019-11-22  |y BK  |k AGR